[Event "GER-chT School WK H+R"]
[Site "Playchess.com INT"]
[Date "2020.06.10"]
[Round "2.3"]
[White "Fischer, Joschua"]
[Black "Marquart, Maxim"]
[Result "0-1"]
[WhiteElo "1520"]
[BlackElo "1659"]
[PlyCount "64"]
[EventDate "2020.06.10"]
[EventType "team-swiss (blitz)"]
[EventRounds "7"]
[EventCountry "GER"]
[SourceTitle "EXT 2021"]
[Source "ChessBase"]
[SourceDate "2020.10.23"]
[SourceVersion "1"]
[SourceVersionDate "2020.10.23"]
[SourceQuality "1"]
[WhiteTeam "Hasbergen Oberschule"]
[BlackTeam "Pfullingen Hauff Realschule"]
[WhiteTeamCountry "GER"]
[BlackTeamCountry "GER"]

1. e4 c5 2. Bc4 Nc6 3. Nf3 d6 4. 0-0 g6 5. d3 Nh6 6. Nc3 Bg7 7. Be3 e6 8. Qd2 Ng4 9. a3 Nxe3 10. fxe3 b5 11. Bxb5 Bb7 12. Ng5 Qxg5 13. Rf2 0-0 14. Raf1 Be5 15. Bc4 Qh5 16. g3 Bg7 17. Rf3 Ne5 18. R3f2 Bh6 19. Ba2 Ng4 20. Rf3 d5 21. exd5 exd5 22. Na4 Rae8 23. Re1 d4 24. Ref1 Bxf3 25. Rxf3 Bxe3+ 26. Rxe3 Rxe3 27. Nxc5 Rfe8 28. Kf1 Nxh2+ 29. Kf2 Re2+ 30. Qxe2 Qxe2+ 31. Kg1 Nf3+ 32. Kh1 Qh2# 0-1